Corporate Governance/ (Record no. 1136)
| 000 -LEADER | |
|---|---|
| fixed length control field | 00517nam a22001817a 4500 |
| 003 - CONTROL NUMBER IDENTIFIER | |
| control field | OSt |
| 005 - DATE AND TIME OF LATEST TRANSACTION | |
| control field | 20140116120847.0 |
| 008 - FIXED-LENGTH DATA ELEMENTS--GENERAL INFORMATION | |
| fixed length control field | 130410b xxu||||| |||| 00| 0 eng d |
| 050 ## - LIBRARY OF CONGRESS CALL NUMBER | |
| Classification number | HD2741 .M3 2013 |
| 100 ## - MAIN ENTRY--PERSONAL NAME | |
| Personal name | Mallin Christine |
| Fuller form of name | Christine Mallin |
| 245 ## - TITLE STATEMENT | |
| Title | Corporate Governance/ |
| Statement of responsibility, etc | Christine Mallin |
| 250 ## - EDITION STATEMENT | |
| Edition statement | 4th ed. |
| 260 ## - PUBLICATION, DISTRIBUTION, ETC. (IMPRINT) | |
| Place of publication, distribution, etc | United Kingdom: |
| Name of publisher, distributor, etc | Oxford University Press, |
| Date of publication, distribution, etc | c2013 |
| 300 ## - PHYSICAL DESCRIPTION | |
| Extent | xxii, 384p.: |
| 501 ## - WITH NOTE | |
| With note | Includes index and Bibliography |
| 650 ## - SUBJECT ADDED ENTRY--TOPICAL TERM | |
| Topical term or geographic name as entry element | corporate governance |
| 942 ## - ADDED ENTRY ELEMENTS (KOHA) | |
| Source of classification or shelving scheme | |
| Koha item type | Book |
| Withdrawn status | Lost status | Source of classification or shelving scheme | Damaged status | Not for loan | Home library | Current library | Date acquired | Total Checkouts | Full call number | Barcode | Checked out | Date last seen | Date checked out | Copy number | Price effective from | Koha item type | Total Renewals |
|---|---|---|---|---|---|---|---|---|---|---|---|---|---|---|---|---|---|
| Riara University Library | Riara University Library | 10/04/2013 | 7 | HD2741 .M3 2013 | 4007/13 | 01/04/2017 | 28/01/2017 | 28/01/2017 | c.1 | 10/04/2013 | Book | ||||||
| Riara University Library | Riara University Library | 10/04/2013 | 16 | HD2741 .M3 2013 | 4006/13 | 25/01/2021 | 11/01/2021 | c.2 | 10/04/2013 | Book | 4 | ||||||
| Riara University Library | Riara University Library | 10/04/2013 | 12 | HD2741 .M3 2013 | 4008/13 | 06/04/2023 | 22/03/2023 | c.3 | 10/04/2013 | Book | 2 |
